000 01174cam a2200337 a 4500
001 32818
005 20230410120730.0
008 041013s2004 sp ab b 000 0 spa d
035 _a13932281
923 _d20050408
_n117172
_sSpBaPL
925 0 _aacquire
_b1 shelf copy
_xpolicy default
942 _2lcc
_cbk
010 _a 2005420771
020 _a8447527956
035 _a(OCoLC)ocm57059021
040 _aPL#
_cPL#
_dPIT
_dDLC
042 _alccopycat
043 _acl-----
_ae------
050 1 4 _aHT 395
_bP712 2004
245 0 0 _aPlanificación territorial en países de Latinoamérica y Europa :
_bde la academia a la práctica /
_cRoser Majoral Moliné, (compiladora) ; Lilian Hernández ... [et al.], (coordinadores).
260 _aBarcelona :
_bUniversitat de Barcelona,
_cc2004.
300 _a211 p. :
_bill., maps ;
_c24 cm.
500 _aIncludes bibliographical references.
650 0 _aRegional planning
_zLatin America.
650 0 _aRegional planning
_zEurope.
651 0 _aLatin America
_xEconomic policy.
651 0 _aEurope
_xEconomic policy.
700 1 _aMajoral i Moliné, Roser.
700 1 _aHernández, Lilian.
985 _eVENDOR LOAD
999 _c50757
_d50757